| 000 | 00975cab a2200289 4500 | ||
|---|---|---|---|
| 001 | ABS58340 | ||
| 008 | 090401t1998 xxu||||| |||| 00| 0 eng d | ||
| 035 | _a(Sirsi) u84645 | ||
| 041 | _aeng | ||
| 245 | _aInfrastructure: a special report | ||
| 260 | _c1998 | ||
| 350 | _a0 | ||
| 490 |
_aPlanning (for the Natural and Built Environment) _v27 February 1998, 13-24(10) |
||
| 520 | _aSpecial report on the importance of infrastructure in the planning industry. Looks at five key sectors: water, telecommunications, healthcare, electricity and cemeteries. Case studies. | ||
| 650 | _aCEMETERIES | ||
| 650 | _aELECTRICITY | ||
| 650 | _aHEALTHCARE SECTOR | ||
| 650 | _aHOSPITALS | ||
| 650 |
_aInfrastructure _96246 |
||
| 650 | _aTELECOMMUNICATIONS MASTS | ||
| 650 | _aTELECOMMUNICATIONS | ||
| 650 | _aWATER INDUSTRY | ||
| 650 | _aPROPERTY-RURAL AND NATURAL ASSETS-WATER RESOURCES | ||
| 690 | _aPLANNING LAW AND PRACTICE | ||
| 942 | _n0 | ||
| 948 | _c04/03/1998 | ||
| 999 |
_c53215 _d53215 |
||